Elements of the law relating to vendors and purchasers (Record no. 105077)

MARC details
000 -LEADER
fixed length control field 00633cam a2200181 4500
001 - CONTROL NUMBER
control field ##L132289
008 - FIXED-LENGTH DATA ELEMENTS--GENERAL INFORMATION
fixed length control field 060124n1915 000 0 eng u
035 ## - SYSTEM CONTROL NUMBER
System control number (Sirsi) u132289
041 0# - LANGUAGE CODE
Language code of text/sound track or separate title eng
050 04 - LIBRARY OF CONGRESS CALL NUMBER
Classification number 346.4102 $2 18
100 1# - MAIN ENTRY--PERSONAL NAME
Personal name Evans, Ernest
245 00 - TITLE STATEMENT
Title Elements of the law relating to vendors and purchasers
260 ## - PUBLICATION, DISTRIBUTION, ETC.
Place of publication, distribution, etc. London
Name of publisher, distributor, etc. Estates Gazette
Date of publication, distribution, etc. 1915
300 ## - PHYSICAL DESCRIPTION
Extent 332p.
Dimensions 22cm.
520 ## - SUMMARY, ETC.
Summary, etc. Discusses the main principles of the Law of Contract; the Sale of Goods Act, 1893; sales of real property; and the special powers and forms of sale.
690 ## - LOCAL SUBJECT ADDED ENTRY--TOPICAL TERM (OCLC, RLIN)
Topical term or geographic name as entry element PROPERTY-PROPERTY ACQUISITION AND DISPOSAL
942 ## - ADDED ENTRY ELEMENTS (KOHA)
Suppress in OPAC 0
Holdings
Withdrawn status Lost status Source of classification or shelving scheme Damaged status Not for loan Home library Current library Shelving location Date acquired Total Checkouts Full call number Barcode Date last seen Copy number Price effective from Koha item type
    Dewey Decimal Classification     London London Basement 24/01/2006   SHELF 205 30071597 06/08/2019 1 06/08/2019 Book